Gestión de la calidad en las clínicas privadas con enfoque en la Norma ISO 9001 / Anyeris Carolina Fernández Sánchez, Johanna Sánchez Vicioso ; asesor Licdo.Marién Emilio Acosta (Registro nro. 18921)
[ vista simple ]
| 000 -LEADER | |
|---|---|
| fixed length control field | 01220nam a22002171a 4500 |
| 001 - CONTROL NUMBER | |
| control field | 18921 |
| 003 - CONTROL NUMBER IDENTIFIER | |
| control field | OSt |
| 005 - DATE AND TIME OF LATEST TRANSACTION | |
| control field | 20260204212429.0 |
| 008 - FIXED-LENGTH DATA ELEMENTS--GENERAL INFORMATION | |
| fixed length control field | 181025s2018||||dr ||||||b||||||||||spa|| |
| 090 ## - LOCALLY ASSIGNED LC-TYPE CALL NUMBER (OCLC); LOCAL CALL NUMBER (RLIN) | |
| Classification number (OCLC) (R) ; Classification number, CALL (RLIN) (NR) | ADM 2018 F37 |
| 100 ## - ASIENTO PRINCIPAL -- NOMBRE PERSONAL | |
| Personal name | Fernández Sánchez, Anyeris Carolina |
| Relator term | sustentante |
| 245 ## - TÍTULO PROPIAMENTE DICHO: SUBTÍTULO | |
| Title | Gestión de la calidad en las clínicas privadas con enfoque en la Norma ISO 9001 / Anyeris Carolina Fernández Sánchez, Johanna Sánchez Vicioso ; asesor Licdo.Marién Emilio Acosta |
| 260 ## - PUBLICATION, DISTRIBUTION, ETC. | |
| Place of publication, distribution, etc. | Cotuí, República Dominicana : |
| Name of publisher, distributor, etc. | UTECO, |
| Date of publication, distribution, etc. | 2018 |
| 300 ## - PHYSICAL DESCRIPTION | |
| Extensión | 60 hojas |
| 502 ## - THESIS NOTE | |
| Dissertation note | Trabajo de grado (Licenciatura en Administración de Empresas)--Universidad Tecnológica del Cibao Oriental, 2022. |
| 504 ## - BIBLIOGRAPHY, ETC. NOTE | |
| Bibliography, etc. note | incluye referencia bibliográfica e índice |
| 505 ## - NOTA DE CONTENIDO | |
| Formatted contents note | Índice -- declaración de autoría -- agradecimientos -- dedicatorias--resumen -- Capítulo I: Introducción -- Capítulo II: Revisión de literatura -- Capítulo III: Metodología -- Capítulo IV: Presentación de los resultados -- Capítulo V: Discusión y análisis de los resultados |
| 650 ## - ASIENTO SECUNDARIO DE MATERIA -- TERMINO TOPICO | |
| Asiento secundario de materia | Administración de Empesas |
| 830 ## - ASIENTO SECUNDARIO DE SERIE - TÍTULO UNIFORME | |
| Uniform title | Tesis y disertaciones académicas (Universidad Tecnológica del Cibao Oriental) |
| 942 ## - ADDED ENTRY ELEMENTS (KOHA) | |
| Source of classification or shelving scheme | Clasificación Local |
| Koha item type | Tesis |
| Withdrawn status | Lost status | Source of classification or shelving scheme | Damaged status | Not for loan | Collection code | Current library | Shelving location | Date acquired | Inventory number | Total Checkouts | Full call number | Barcode | Date last seen | Copy number | Price effective from | Koha item type |
|---|---|---|---|---|---|---|---|---|---|---|---|---|---|---|---|---|
| Clasificación Local | Préstamo Interno | Trabajos de Grado e Investigación | Biblioteca UTECO | Procesos Técnicos | 09/09/2019 | AT-2018-011 | ADM 2018 F37 | AT-2018-011 | 09/09/2019 | Ej.1 | 09/09/2019 | Tesis |
